000 00318nam a22001337a 4500
008 170307b xxu||||| |||| 00| 0 eng d
020 _a9780323014359
041 _aeng
080 _25 ED
_a611
100 _a6
101 _aSHM
245 _aRADIIOGRAPHIC POSITIONING RELATED ANATOMY
_cBONTRAGER.K.L
942 _2udc
_cBK
999 _c6973
_d6973